Middle East contemporary survey
| Format: | Book |
|---|---|
| Published: |
Boulder :
Westview Press ,
1990
|
| Subjects: |
MARC
| LEADER | 00000cam a2200000 7i4500 | ||
|---|---|---|---|
| 001 | 0000005104 | ||
| 002 | 000005513 | ||
| 005 | 20000330.0 | ||
| 020 | |a 081331044X | ||
| 090 | 0 | 0 | |a 338.910956 |b MID |
| 245 | 0 | 0 | |a Middle East contemporary survey |c edited by Ami Ayalon, Haim Shaked |
| 260 | |a Boulder : |b Westview Press , |c 1990 | ||
| 300 | |a 808p. ; |c 25cm. | ||
| 651 | 0 | |a Middle East |x Political analysis | |
| 651 | 0 | |a Middle East |x Study and teaching | |
| 999 | |a 037604 |b BUKU |c RUJUKAN |e PERPUSTAKAAN KOMUNITI PETALING JAYA | ||